000
00316nam a2200109Ia 4500
008
200302s9999 xx 000 0 und d
100
_a
Elizabeth Gill Lui
245
_a
Building Diplomacy- The architecture of American Embassies
260
_b
Four Stop Press & Cornell University Press
260
_c
2004
300
_a
267
999
_c
4424
_d
4424